Southville International School and Colleges
Your cart is empty.
  • Cart
  • Lists
    Public lists Eva Luna New books Lux_list list_1
    Your lists Log in to create your own lists
  • Log in to your account
  • Your cookies
  • Search history
Southville International School and Colleges
  • Advanced search
  • Recent comments
  • Most popular
  • Libraries

Log in to your account

Log in with GOOGLE


If you do not have an external account, but do have a local account, you can still log in:

  1. Home
  2. MARC view: Noli e angere - el fili busterismo /
Normal view MARC view ISBD view

Noli e angere - el fili busterismo / (Record no. 288830)

[ view plain ]
MARC details
000 -LEADER
fixed length control field 00652nam a2200217 a 4500
001 - CONTROL NUMBER
control field HSB013772
003 - CONTROL NUMBER IDENTIFIER
control field PILC
005 - DATE AND TIME OF LATEST TRANSACTION
control field 20151007141826.0
008 - FIXED-LENGTH DATA ELEMENTS--GENERAL INFORMATION
fixed length control field
020 ## - INTERNATIONAL STANDARD BOOK NUMBER
International Standard Book Number 9719341815
050 ## - LIBRARY OF CONGRESS CALL NUMBER
Classification number DS 675.8
Item number .R528 2006
100 10 - MAIN ENTRY--PERSONAL NAME
Personal name Rizal, Jose P.
245 10 - TITLE STATEMENT
Title Noli e angere - el fili busterismo /
Statement of responsibility, etc by Jose Rizal ; translated by Leon Ma. Guerrero.
250 ## - EDITION STATEMENT
Edition statement 4th edition.
260 ## - PUBLICATION, DISTRIBUTION, ETC. (IMPRINT)
Place of publication, distribution, etc Manila :
Name of publisher, distributor, etc Guerrero Publishing, Inc.,
Date of publication, distribution, etc 2006.
300 ## - PHYSICAL DESCRIPTION
Extent xv, 358, 254 pages ;
Dimensions 23 cm.
600 ## - SUBJECT ADDED ENTRY--PERSONAL NAME
Personal name Rizal, Jose,
Chronological subdivision 1861-1896.
650 ## - SUBJECT ADDED ENTRY--TOPICAL TERM
Topical term or geographic name as entry element Noli Me Tangere.
700 1# - ADDED ENTRY--PERSONAL NAME
Personal name Guerrero, Leon Ma.
942 ## - ADDED ENTRY ELEMENTS (KOHA)
Source of classification or shelving scheme Library of Congress Classification
Koha item type Books
Call number prefix Filipininana
Holdings
Withdrawn status Lost status Source of classification or shelving scheme Damaged status Home library Current library Shelving location Date acquired Source of acquisition Sub Shelving location Total Checkouts Total Renewals Full call number Barcode Date last seen Date checked out Price effective from Koha item type
    Library of Congress Classification   College Library College Library Filipiniana Section 10/07/2015 Donation   6 3 DS 675.8 .R528 2006 C20136 08/29/2025 08/29/2025 10/07/2015 Books

Noli e angere - el fili busterismo /

APA

Rizal J. P., Guerrero L. M., . (2006). Noli e angere - el fili busterismo. Manila: Guerrero Publishing, Inc.

Chicago

Rizal Jose P, Guerrero Leon Ma, . 2006. Noli e angere - el fili busterismo. Manila: Guerrero Publishing, Inc.

Harvard

Rizal J. P., Guerrero L. M., . (2006). Noli e angere - el fili busterismo. Manila: Guerrero Publishing, Inc.

MLA

Rizal Jose P, Guerrero Leon Ma, . Noli e angere - el fili busterismo. Manila: Guerrero Publishing, Inc. 2006.

  • Place hold
  • Print
  • Cite
  • Add to your cart (remove)
  • Save record
    BIBTEX Dublin Core MARCXML MARC (non-Unicode/MARC-8) MARC (Unicode/UTF-8) MARC (Unicode/UTF-8, Standard) MODS (XML) RIS
  • More searches
    Search for this title in:
    Other Libraries (WorldCat) Other Databases (Google Scholar) Online Stores (Bookfinder.com) Open Library (openlibrary.org)

Exporting to Dublin Core...

SOUTHVILLE LIBRARY

Southville International School and Colleges Library

1281 Tropical Ave. Cor. Luxembourg St., BF Homes International, Las Pinas City

Tel. No. 8256374 / 252358 Loc. 117/146

Powered by Koha